000 00505nam a2200217Ia 4500
003 OSt
005 20221005131719.0
006 a|||||r|||| 00| 0
007 ta
008 221004b |||||||| |||| 00| 0 eng d
024 _a120400
037 _cTextual
040 _aCRL
_cCRL
_beng
041 _2eng
_aeng
100 _aSkorokhod A V
245 0 _aStudies in the theory of random
260 _c1965
650 _aEDUCATION
942 _cTEXL
_2cc
999 _c1061181
_d1061181